[Event "Lleida op"]
[Site "Lleida"]
[Date "2016.06.18"]
[Round "9.2"]
[White "Sole Pijuan, Ferran"]
[Black "Blanch Plana, Angel"]
[Result "1-0"]
[WhiteElo "2062"]
[BlackElo "1936"]
[PlyCount "51"]
[EventDate "2016.04.23"]
[EventType "swiss"]
[EventRounds "9"]
[EventCountry "ESP"]
[SourceTitle "EXT 2024"]
[Source "ChessBase"]
[SourceDate "2023.10.10"]
[SourceVersion "1"]
[SourceVersionDate "2023.10.10"]
[SourceQuality "1"]

1. d4 Nf6 2. c4 g6 3. Nc3 Bg7 4. e4 d6 5. f4 Bg4 6. Be2 Bxe2 7. Qxe2 Nc6 8. Nf3 Qd7 9. d5 Nb4 10. 0-0 0-0 11. e5 Ng4 12. e6 fxe6 13. dxe6 Qc6 14. a3 Qb6+ 15. Kh1 Nc6 16. Nd5 Qa5 17. a4 Nb4 18. Bd2 c5 19. Nxe7+ Kh8 20. Ng5 Nh6 21. Qe1 Rae8 22. Nf7+ Nxf7 23. exf7 Rxf7 24. Nxg6+ hxg6 25. Qxe8+ Bf8 26. Qxf7 1-0

[Event "La Pobla de Lillet op 18th"]
[Site "La Pobla de Lillet"]
[Date "2008.08.02"]
[Round "1"]
[White "Blanch Plana, Angel"]
[Black "Ayza Ballester, Jordi"]
[Result "0-1"]
[WhiteElo "1896"]
[BlackElo "2277"]
[PlyCount "81"]
[EventDate "2008.08.02"]
[EventType "swiss"]
[EventRounds "9"]
[EventCountry "ESP"]
[SourceTitle "EXT 2009"]
[Source "ChessBase"]
[SourceDate "2008.11.26"]
[SourceVersion "1"]
[SourceVersionDate "2008.11.26"]
[SourceQuality "1"]

1. e4 c5 2. Nc3 Nc6 3. Nf3 g6 4. Bb5 Bg7 5. 0-0 Nh6 6. Re1 0-0 7. Bc4 d6 8. h3 Kh8 9. a3 Rb8 10. d3 e6 11. Be3 Nd4 12. Nh2 b5 13. Ba2 f5 14. f4 b4 15. axb4 cxb4 16. Ne2 Nxe2+ 17. Rxe2 Bxb2 18. Nf3 Bg7 19. Bb3 a6 20. Ng5 e5 21. g3 a5 22. Rh2 Bd7 23. Qc1 a4 24. Rxa4 Bxa4 25. Bxa4 Ra8 26. Ne6 Qf6 27. Bb3 Nf7 28. Qb2 Rfe8 29. Nxg7 Qxg7 30. Bd5 Rab8 31. Kf2 Nd8 32. Rh1 Ne6 33. Bxe6 Rxe6 34. Ra1 Re7 35. Ra6 Rd7 36. fxe5 dxe5 37. c3 fxe4 38. dxe4 Rf8+ 39. Kg2 Qf7 40. Qe2 bxc3 41. Ra3 0-1